[Event "Oebro CXU International 2024"]
[Site "Copenhagen"]
[Date "2024.07.26"]
[Round "7.9"]
[White "Liu, Casper Yukun"]
[Black "Buchal, Stephan"]
[Result "1-0"]
[WhiteElo "2316"]
[BlackElo "2211"]
[BlackFideId "4603915"]
[EventDate "2024.07.22"]
[EventType "swiss"]
[EventRounds "9"]
[EventCountry "DEN"]
[SourceTitle "Live v. Obro Skakforening"]

1. e4   g6  2. d4   Bg7  3. Nc3   d6  4. Be3   a6  5. g4   b5  6. Bg2   Bb7  7. h4   h6  8. g5   hxg5  9. h5   b4  10. Nd5  10... e6  11. Nxb4   c5  12. hxg6   Rxh1  13. gxf7+   Kxf7  14. Bxh1   cxb4  15. Nf3   Bh6  16. Nxg5+   Bxg5  17. Qh5+   Kf8  18. Bxg5   Qe8  19. Qh2   e5  20. O-O-O  20... Nd7  21. Rd3   Ndf6  22. Rg3   Qh5  23. Qg1   Bxe4  24. Bxf6   Qh6+  25. Kb1   Nxf6  26. Bxe4   Rd8  27. Bf5   exd4  28. Rh3   Qg7  29. Qh1   Re8  30. Rg3  30... Qf7  31. Qh6+   Ke7  32. Rg7   Kd8  33. Rxf7  1-0

[Event "Oebro CXU International 2024"]
[Site "Copenhagen"]
[Date "2024.07.26"]
[Round "7.10"]
[White "Thorsen, Adrian Stenstrop"]
[Black "Hansen, Soren Bech"]
[Result "0-1"]
[WhiteElo "2226"]
[BlackElo "2252"]
[WhiteFideId "1473760"]
[BlackFideId "1400681"]
[EventDate "2024.07.22"]
[EventType "swiss"]
[EventRounds "9"]
[EventCountry "DEN"]
[SourceTitle "Live v. Obro Skakforening"]

1. d4   d5  2. Nc3   Nf6  3. Bf4   c5  4. e4   cxd4  5. Qxd4   Nc6  6. Bb5   Bd7  7. Bxc6   Bxc6  8. e5   Nd7  9. e6   fxe6  10. Nf3  10... Qb6  11. Qd3   d4  12. Nxd4   Bxg2  13. Ndb5   e5  14. Be3   Qc6  15. Rg1   a6  16. Rxg2   axb5  17. O-O-O   b4  18. Nb5   Rxa2  19. Kb1   Ra5  20. Na7  20... Qa4  21. Kc1   e6  22. Qc4   Qa1+  23. Kd2   Rd5+  24. Qxd5   Qxd1+  25. Kxd1   exd5  26. f4   d4  27. Bg1   Bc5  28. Nb5   O-O  29. fxe5   Rf1+  30. Ke2  30... Rxg1  31. e6 0-1

[Event "Oebro CXU International 2024"]
[Site "Copenhagen"]
[Date "2024.07.26"]
[Round "7.11"]
[White "Egresi, Mate"]
[Black "Koduri, Advaitt Srikant"]
[Result "1-0"]
[WhiteElo "2377"]
[BlackElo "2114"]
[WhiteFideId "738506"]
[BlackFideId "25185454"]
[EventDate "2024.07.22"]
[EventType "swiss"]
[EventRounds "9"]
[EventCountry "DEN"]
[SourceTitle "Live v. Obro Skakforening"]

1. e4   c5  2. Nf3   d6  3. Bb5+   Bd7  4. Bxd7+   Qxd7  5. O-O   Nc6  6. c3   Nf6  7. Re1   e6  8. d4   cxd4  9. cxd4   d5  10. e5  10... Ne4  11. a3   Be7  12. Nbd2   Nxd2  13. Bxd2   O-O  14. Rc1   Rac8  15. Rc3   Nb8  16. Rd3   Rc4  17. Ng5   Bxg5  18. Bxg5   g6  19. Qf3   Nc6  20. Bh6  20... Qe7  21. Bxf8   Kxf8  22. Qf4   h5  23. Rc1   Qh4  24. Qh6+   Ke7  25. Rxc4   dxc4  26. Rd1   Nxd4  27. Qd2   Nc6  28. Qd7+   Kf8  29. Qxb7   Qe4  30. Qd7  30... Nxe5  31. Qd8+   Kg7  32. Qd4   Qxd4  33. Rxd4   g5  34. Rd6   Nd3  35. b3   Nb2  36. bxc4   Nxc4  37. Ra6   Kf6  38. Rxa7   Ke5  39. a4   f5  40. a5  40... Kd6  41. a6   Kc6  42. Re7   Kd5 1-0

[Event "Oebro CXU International 2024"]
[Site "Copenhagen"]
[Date "2024.07.26"]
[Round "7.12"]
[White "Christensen, Stefan"]
[Black "Gomez Aguirre, Juan Alberto"]
[Result "0-1"]
[WhiteElo "2210"]
[BlackElo "2322"]
[WhiteFideId "1404148"]
[BlackFideId "54587867"]
[EventDate "2024.07.22"]
[EventType "swiss"]
[EventRounds "9"]
[EventCountry "DEN"]
[SourceTitle "Live v. Obro Skakforening"]

1. e4   e5  2. d4   exd4  3. Qxd4   Nc6  4. Qe3   Nf6  5. Nc3   Bb4  6. Bd2   O-O  7. O-O-O   Re8  8. Bc4   Ne5  9. Bb3   d6  10. f3  10... Be6  11. Nge2   Bxb3  12. axb3   c6  13. Ng3   Ng6  14. Qd3   Qa5  15. Kb1   Rad8  16. f4   d5  17. e5   d4  18. Nce2   Nd5  19. Bc1   Be1  20. Bd2  20... Bxd2  21. Qxd2   Qxd2  22. Rxd2   Ndxf4  23. Nxf4   Nxf4  24. Re1   f6  25. Red1   fxe5  26. Ne4   Nd5  27. Re1   b6  28. Rf2   Ne3  29. c3   Rf8  30. g3  30... Rxf2  31. Nxf2   Nd5  32. Rxe5   dxc3  33. bxc3   Nxc3+  34. Kc2   Nd5  35. Nd3   Kf7  36. Re1   Re8  37. Ne5+   Kg8  38. Kd3   Nf6  39. Kd4   Nd7  40. Re3  40... Nxe5  41. Rxe5   Rxe5  42. Kxe5   a5  43. Kd6   b5  0-1

[Event "Oebro CXU International 2024"]
[Site "Copenhagen"]
[Date "2024.07.26"]
[Round "7.13"]
[White "Thogersen, Rasmus"]
[Black "Jain, Sachi"]
[Result "1-0"]
[WhiteElo "2309"]
[BlackElo "2140"]
[WhiteFideId "1431412"]
[BlackFideId "25974050"]
[EventDate "2024.07.22"]
[EventType "swiss"]
[EventRounds "9"]
[EventCountry "DEN"]
[SourceTitle "Live v. Obro Skakforening"]

1. e4   e6  2. d4   d5  3. e5   c5  4. c3   Nc6  5. Nf3   Qb6  6. a3   Nh6  7. Bd3   cxd4  8. O-O   Be7  9. Re1   Bd7  10. b4  10... Nf5  11. Bxf5   exf5  12. cxd4   Rc8  13. Nc3   Be6  14. Na4   Qc7  15. Qd3   h6  16. Bd2   g5  17. Rec1   Qd7  18. Nc5   Bxc5  19. Rxc5   Ne7  20. Rac1  20... f4  21. h4   Rxc5  22. dxc5   Bg4  23. e6   Bxe6  24. hxg5   Ng6  25. Qd4   hxg5  26. Nxg5   Qe7  27. Nf3   f6  28. c6   Qh7  29. Kf1   bxc6  30. Qxf6  30... Ne7  31. Qxe6   Qd3+  32. Kg1   Qh7  33. Qh3   Qg8  34. Nh4   Qh7  35. Bc3   Rg8  36. Re1   f3  37. Qc8+   Kf7  38. Rxe7+   Kxe7  39. Qc7+  1-0

[Event "Oebro CXU International 2024"]
[Site "Copenhagen"]
[Date "2024.07.26"]
[Round "7.14"]
[White "Loftgaard, Mikkel Vinh"]
[Black "Jarlskov, Daniel Tuk Hartso"]
[Result "1-0"]
[WhiteElo "2246"]
[BlackElo "2030"]
[WhiteFideId "1468480"]
[EventDate "2024.07.22"]
[EventType "swiss"]
[EventRounds "9"]
[EventCountry "DEN"]
[SourceTitle "Live v. Obro Skakforening"]

1. e4   c6  2. d4   d5  3. exd5   cxd5  4. c4   Nf6  5. Nc3   Nc6  6. Nf3   e6  7. c5   Be7  8. Bb5   O-O  9. Bxc6   bxc6  10. O-O  10... Qc7  11. Ne5   Bxc5  12. Bf4   Bd6  13. Rc1   Ba6  14. Re1   Nd7  15. Nxd5   Qb7  16. Nxc6   Bxf4  17. Nxf4   Qxb2  18. d5   Nb6  19. dxe6   fxe6  20. Ne7+  20... Kh8  21. Qh5   h6  22. Neg6+   Kg8  23. Nxf8   Rxf8  24. Qg4   e5  25. Qe6+   Kh7  26. Nh3   Bc8  27. Qxe5   Qxa2  28. Nf4   Qf7  29. Rc7   Bd7  30. g3  30... g5  31. Nd3   Kg8  32. Qd4   Qf5  33. Re7   Rf7  34. Rxf7   Kxf7  35. Rxa7   Qb5  36. Rb7   Qb1+  37. Kg2   Ke8  38. Qxd7+   Nxd7  39. Rxb1  1-0

[Event "Oebro CXU International 2024"]
[Site "Copenhagen"]
[Date "2024.07.26"]
[Round "7.15"]
[White "Jacobsen, Mikkel Manosri"]
[Black "Steffens, Olaf"]
[Result "1-0"]
[WhiteElo "2242"]
[BlackElo "2192"]
[WhiteFideId "1444514"]
[BlackFideId "4630564"]
[EventDate "2024.07.22"]
[EventType "swiss"]
[EventRounds "9"]
[EventCountry "DEN"]
[SourceTitle "Live v. Obro Skakforening"]

1. c4   c6  2. g3   g5  3. Bg2   Bg7  4. Nc3   d6  5. d4   g4  6. e4   h5  7. f4   gxf3  8. Nxf3   Nd7  9. O-O   Nf8  10. Be3  10... Nf6  11. h3   Ng6  12. Qe2   h4  13. Nxh4   Nxh4  14. gxh4   Rxh4  15. e5   dxe5  16. dxe5   Ng4  17. hxg4   Bxe5  18. Rxf7   Bh2+  19. Kf1   Bxg4  20. Qf2  20... Qd3+  21. Ke1   O-O-O  22. Be4   Qd6  23. Bc5   Qh6  24. Rh7   Bg3  25. Qxg3   Qd2+  26. Kf1   Bh3+  27. Kg1   Rxh7  28. Bxh7   Qxb2  29. Qxh3+ Kb8 30. Qh2+  30... Qxh2+  31. Kxh2   Rh8  32. Kg3   Rxh7  33. Re1   Rg7+  34. Kf4   Rf7+  35. Kg4   Rg7+  36. Kf5   Rf7+  37. Ke6   Rf4  38. Ne4   b5  39. Bxe7   Kb7  40. c5  40... a5  41. Kd7   b4  42. Re2   a4  43. Nd6+   Ka6  44. Kxc6   b3  45. axb3   axb3  46. Re4   b2  47. Rxf4   b1=Q  48. Ra4#  1-0

[Event "Oebro CXU International 2024"]
[Site "Copenhagen"]
[Date "2024.07.26"]
[Round "7.16"]
[White "Kush, Bhagat"]
[Black "Simonsen, Carsten"]
[Result "1-0"]
[WhiteElo "2188"]
[BlackElo "2212"]
[WhiteFideId "46672940"]
[BlackFideId "1439898"]
[EventDate "2024.07.22"]
[EventType "swiss"]
[EventRounds "9"]
[EventCountry "DEN"]
[SourceTitle "Live v. Obro Skakforening"]

1. d4   Nf6  2. Bf4   g6  3. Nc3   d5  4. Nf3   Bg7  5. Nb5   Na6  6. e3   O-O  7. Be2   c6  8. Nc3   Bg4  9. Bxa6   bxa6  10. Be5  10... Ne4  11. Bxg7   Nxc3  12. Qd3   Kxg7  13. Qxc3   Bxf3  14. gxf3   Qd7  15. h4   h5  16. Qd3   Rab8  17. O-O-O   Qb7  18. Qc3   a5  19. f4   e6  20. Rhg1  20... Qb4  21. Rd3   Rfc8  22. f3   Qe7  23. Rg5   Qc7  24. Rd2   Rb4  25. Rdg2   Rh8  26. Qd3   Rh6  27. a3   Rb8  28. Qc3   Qb6  29. e4   Qb5  30. Rg1  30... f5  31. exf5   exf5  32. Rxf5   Re8  33. Re5   Rxe5  34. dxe5   c5  35. f5   d4  36. Qd3   Qe8 1-0

[Event "Oebro CXU International 2024"]
[Site "Copenhagen"]
[Date "2024.07.26"]
[Round "7.17"]
[White "Falkesgaard, Jeppe Hald"]
[Black "Thuesen, Mogens Henrik"]
[Result "1-0"]
[WhiteElo "2321"]
[BlackElo "2095"]
[WhiteFideId "1464981"]
[EventDate "2024.07.22"]
[EventType "swiss"]
[EventRounds "9"]
[EventCountry "DEN"]
[SourceTitle "Live v. Obro Skakforening"]

1. d4   c5  2. d5   g6  3. c4   Bg7  4. Nc3   Bxc3+  5. bxc3   f5  6. Nf3   Nf6  7. Bh6   Qa5  8. Qc2   d6  9. e3   Nbd7  10. Be2  10... Ne4  11. Rc1   Nb6  12. Ng5   Nxg5  13. Bxg5   h6  14. Bh4   Qa4  15. Qb3   Bd7  16. f4   Qa6  17. a3   Rh7  18. Qa2   O-O-O  19. O-O   Re8  20. Rf3  20... Kc7  21. Rd1   Rg7  22. Be1   Qa4  23. Rh3   Rh8  24. Rd2   Rgh7  25. Bd3   g5  26. fxg5   hxg5  27. Rxh7   Rxh7  28. g4   Rh3  29. Bg3   f4  30. exf4  30... gxf4  31. Bxf4   Nxd5  32. Bc2   Qa5  33. cxd5   Qxc3  34. Bd1   Bb5  35. Qc2   Qxa3  36. Qe4   Kb6  37. Qxe7   Rd3  38. Qxd6+   Ka5  39. Qc7+   Kb4  40. Qe5  1-0

[Event "Oebro CXU International 2024"]
[Site "Copenhagen"]
[Date "2024.07.26"]
[Round "7.18"]
[White "Nord, Alexander"]
[Black "Petersen, Peter Birk"]
[Result "1-0"]
[WhiteElo "2212"]
[BlackElo "2156"]
[WhiteFideId "1738135"]
[BlackFideId "1401696"]
[EventDate "2024.07.22"]
[EventType "swiss"]
[EventRounds "9"]
[EventCountry "DEN"]
[SourceTitle "Live v. Obro Skakforening"]

1. d4   Nf6  2. c4   e6  3. Nc3   Bb4  4. e3   O-O  5. Bd2   c5  6. a3   Bxc3  7. Bxc3   Ne4  8. Ne2   b6  9. d5   Ba6  10. f3  10... Nxc3  11. Nxc3   Bxc4  12. Bxc4   Qh4+  13. g3   Qxc4  14. h4   Qa6  15. h5   Qc8  16. h6   g6  17. Qd2   e5  18. d6   Nc6  19. Nd5   Qd8  20. g4  20... f6  21. O-O-O   Rf7  22. Kb1   Rb8  23. Nc7   Rc8  24. Qd5   Rxc7  25. dxc7   Qxc7  26. Rd2   Kf8  27. Rhd1   Ke8  28. Qxf7+   Kxf7  29. Rxd7+   Qxd7  30. Rxd7+  30... Ne7  31. Rxa7   g5  32. Rb7  1-0

[Event "Oebro CXU International 2024"]
[Site "Copenhagen"]
[Date "2024.07.26"]
[Round "7.19"]
[White "Andersen, Morten"]
[Black "Ganta, Joel Paul"]
[Result "1-0"]
[WhiteElo "2176"]
[BlackElo "2056"]
[BlackFideId "35066145"]
[EventDate "2024.07.22"]
[EventType "swiss"]
[EventRounds "9"]
[EventCountry "DEN"]
[SourceTitle "Live v. Obro Skakforening"]

1. Nf3   d5  2. e3   c5  3. d4   Nf6  4. c4   g6  5. cxd5   cxd4  6. Qa4+   Nbd7  7. Qxd4   Bg7  8. Nc3 O-O  9. e4   Ng4  10. Qd2  10... Nc5  11. Bd3   f5  12. exf5   Bxf5  13. Bxf5   Rxf5  14. O-O   Qd6  15. h3   Nh6  16. Qe2   Nf7  17. Be3   Bxc3  18. bxc3   Ne4  19. c4   Nc3  20. Qc2  20... Rxf3  21. gxf3   Ne5  22. f4   Nf3+  23. Kg2   Nh4+  24. Kh2   Qf6  25. Rac1   Nf3+  26. Kg2   Nh4+  27. Kg3   Na4  28. Qxa4   g5  29. c5   Rf8  30. Rc4  30... Qb2  31. Qc2   Qg7  32. fxg5   Nf5+  33. Kg2   Qg6  34. Qe4   Rf7  35. Kh2   Qa6  36. Rg1   Kg7  37. Rc2   Qg6  38. c6   bxc6  39. dxc6   Qh5  40. c7  1-0

[Event "Oebro CXU International 2024"]
[Site "Copenhagen"]
[Date "2024.07.26"]
[Round "7.20"]
[White "Jaksland, Tim"]
[Black "Veiergang, Oscar Jacob"]
[Result "1/2-1/2"]
[WhiteElo "2074"]
[BlackElo "2070"]
[WhiteFideId "1401084"]
[EventDate "2024.07.22"]
[EventType "swiss"]
[EventRounds "9"]
[EventCountry "DEN"]
[SourceTitle "Live v. Obro Skakforening"]

1. e4   e5  2. Nf3   Nc6  3. d4   exd4  4. Nxd4   Nf6  5. Nxc6   bxc6  6. Nd2   d5  7. exd5   cxd5  8. Bb5+   Bd7  9. Bxd7+   Qxd7  10. O-O  10... Be7  11. b3   O-O  12. Bb2   Qf5  13. Re1   Bc5  14. Qf3   Qxc2  15. Bxf6   Qxd2  16. Red1   Qh6  17. Rxd5   Bd6  18. Be5   Bxe5  19. Rxe5   Rad8  20. g3  20... Qd2  21. Re2   Qd4  22. Rc1   Rd7  23. Rec2   g6  24. Kg2   Qb6  25. Qc6   Rfd8  26. Re2   Rd2  27. Re8+   Rxe8  28. Qxe8+   Kg7  29. Qe5+   Kg8  30. Qe8+  30... Kg7  31. Qe5+   Kg8  32. Qe8+  1/2-1/2

[Event "Oebro CXU International 2024"]
[Site "Copenhagen"]
[Date "2024.07.27"]
[Round "8.1"]
[White "Sengupta, Deep"]
[Black "Solodovnichenko, Yuri"]
[Result "1-0"]
[WhiteElo "2491"]
[BlackElo "2481"]
[WhiteFideId "5008352"]
[BlackFideId "14104369"]
[EventDate "2024.07.22"]
[EventType "swiss"]
[EventRounds "9"]
[EventCountry "DEN"]
[SourceTitle "Live v. Obro Skakforening"]

1. e4   c5  2. Nf3   d6  3. d4   Nf6  4. Nc3   cxd4  5. Nxd4   e6  6. Qd3   Nbd7  7. Qg3   Nc5  8. Bb5+   Bd7  9. Bxd7+   Qxd7  10. f3  10... Na4  11. Nce2   g6  12. Qh4   Bg7  13. Bh6   Bxh6  14. Qxh6   Nxb2  15. O-O   e5  16. Rab1   Nc4  17. Rb4   Na5  18. Nb5   a6  19. Nbc3   O-O-O  20. Rfb1  20... Kb8  21. Qg5   Nh5  22. Nd5   Rc8  23. Nb6   Qd8  24. Qd2   Rc5  25. Nc3   Nf4  26. Nca4   Ka7  27. R4b2   Qg5  28. Kh1   Rc7  29. g3   Nh3  30. Qxa5  30... Qe3  31. Rb3   Qe2  32. Re1   Qxc2  33. Rb2   Qd3  34. Kg2   Ng5  35. Rf1   Rc1  36. Nc8+   Ka8  37. Ncb6+   Ka7  38. Rbf2   Rxf1  39. Rxf1   f5  40. h4  40... Ne6  41. Qd5   Nd4  42. Rf2   Qa3  43. Qc4   g5  44. hxg5   fxe4  45. fxe4   Qe3  46. Nc3   Qxg5  47. Nbd5   h5  48. Rf7   Qd2+  49. Rf2   Qg5  50. Ne2  50... Rg8  51. Rf7   Rg7  52. Rxg7   Qxg7  53. Nxd4   exd4  54. Nf4   h4  55. Ne2   Qg4  56. Qxd4+   Ka8  57. Qd3   hxg3  58. Nxg3   Qg6  59. a3   Kb8  60. Kf3  60... Kc7  61. Nf5   Qh5+  62. Ke3   Qg5+  63. Ke2   Qg2+  64. Kd1   Qg1+  65. Kc2   Qh2+  66. Kb3   Kd7  67. Qd5   Kc7  68. Qc4+   Kb8  69. Qg8+   Kc7  70. Qg7+  70... Kb6  71. Qd7   Qh3+  72. Ka4   Ka7  73. Qxd6   Qf3  74. Qd4+   Ka8  75. Ne3   Qe2  76. Kb3   b5  77. e5   a5  78. e6   Qe1  79. Kc2   b4  80. e7  80... Qf2+  81. Kb3  1-0

[Event "Oebro CXU International 2024"]
[Site "Copenhagen"]
[Date "2024.07.27"]
[Round "8.2"]
[White "Kistrup, Nicolai"]
[Black "Rakhmangulova, Anastasiya"]
[Result "1/2-1/2"]
[WhiteElo "2367"]
[BlackElo "2295"]
[WhiteFideId "1444816"]
[BlackFideId "14117479"]
[EventDate "2024.07.22"]
[EventType "swiss"]
[EventRounds "9"]
[EventCountry "DEN"]
[SourceTitle "Live v. Obro Skakforening"]

1. d4   Nf6  2. c4   g6  3. Nc3   Bg7  4. e4   d6  5. Nf3   O-O  6. Be2   Bg4  7. O-O   Nfd7  8. Be3   Bxf3  9. Bxf3   Nc6  10. d5  10... Na5  11. Be2   c5  12. Qd2   Re8  13. Rae1   a6  14. b3   e6  15. Kh1   exd5  16. exd5   f5  17. Bd3   Ne5  18. Ne2   b5  19. cxb5   Nxd3  20. Qxd3  20... axb5  21. Qxb5   Qb8  22. Qd3   Qb4  23. Bd2   Qa3  24. Qc2   c4  25. Nc1   Rxe1  26. Rxe1   Qb2  27. Qd1   cxb3  28. axb3   Qd4  29. Be3   Qxd1  30. Rxd1  30... Rb8  31. Bf4   Bf8  32. Rd3   Rb5  33. Bd2   Kf7  34. g3   Bg7  35. Kg2   Bb2  36. Bxa5   Rxa5  37. Ne2   g5  38. h3   Bf6  39. g4   f4  40. Kf3  40... Be5  41. b4   Ra2  42. Rb3   Ke7  43. b5   Kd7  44. b6   Kc8  45. Nc1   Rd2  46. Nd3   Bd4  47. b7+   Kb8  48. h4   gxh4  49. Kxf4   Bxf2  50. Nxf2  50... Rxf2+  51. Kg5   Rd2  52. Kxh4   Rxd5  53. g5   Rd1  54. Kh5   d5  55. Kh6   Rh1+  56. Kg7   d4  57. Rd3   Rh4  58. Rb3   Rh1  59. Rd3   Rh4  60. Rb3  60... Rh1  1/2-1/2

[Event "Oebro CXU International 2024"]
[Site "Copenhagen"]
[Date "2024.07.27"]
[Round "8.3"]
[White "Rozentalis, Eduardas"]
[Black "Colbow, Collin"]
[Result "1/2-1/2"]
[WhiteElo "2480"]
[BlackElo "2413"]
[WhiteFideId "12800023"]
[BlackFideId "16201132"]
[EventDate "2024.07.22"]
[EventType "swiss"]
[EventRounds "9"]
[EventCountry "DEN"]
[SourceTitle "Live v. Obro Skakforening"]

1. e4   c5  2. Nf3   e6  3. g3   Nc6  4. Bg2   Nf6  5. d3   d5  6. Nbd2   Be7  7. O-O   O-O  8. e5   Nd7  9. Re1   b5  10. Nf1  10... a5  11. h4   a4  12. a3   b4  13. N1h2   bxa3  14. bxa3   Ba6  15. h5   h6  16. Ng4   Rb8  17. Bf4   Nd4  18. Nxd4   cxd4  19. Nxh6+   gxh6  20. Bxh6  20... Kh7  21. Bxf8   Qxf8  22. Qg4   Nb6  23. Qxd4   Bxa3  24. Reb1   Bc5  25. Qf4   a3  26. Rb3   Nd7  27. Rxb8   Nxb8  28. Qa4   Bb7  29. d4   Be7  30. c4  30... Bb4  31. Rb1   Na6  32. cxd5   Qd8  33. d6   Bxg2  34. Kxg2   Qa8+  35. Kg1   Qe4  36. Rd1   Qe2  37. Qb3   Nb8  38. Ra1   Nc6  39. d7   Be7  40. Ra2  40... Qe4  41. Qb7   Qd5  42. Ra1   Qxd4  43. Rxa3   Bxa3  44. Qxc6   Be7  45. Qf3   Kg7  46. h6+   Kg6  47. h7   Qxe5  48. Qd3+  1/2-1/2

[Event "Oebro CXU International 2024"]
[Site "Copenhagen"]
[Date "2024.07.27"]
[Round "8.4"]
[White "Hector, Jonny"]
[Black "Ravi, Rakshitta"]
[Result "1/2-1/2"]
[WhiteElo "2410"]
[BlackElo "2308"]
[WhiteFideId "1700090"]
[BlackFideId "25073230"]
[EventDate "2024.07.22"]
[EventType "swiss"]
[EventRounds "9"]
[EventCountry "DEN"]
[SourceTitle "Live v. Obro Skakforening"]

1. e4   e5  2. Nf3   Nc6  3. d4   exd4  4. Nxd4   Qf6  5. Be3   Bc5  6. c3   Qg6  7. Nd2   Nf6  8. h4   h5  9. f3   d5  10. Qb3  10... dxe4  11. O-O-O   Bxd4  12. cxd4   O-O  13. fxe4   Nxe4  14. Bd3   Bf5  15. d5   Nxd2  16. Rxd2   Ne5  17. Bxf5   Qxf5  18. Rhd1   b6  19. Qc2   Qxc2+  20. Rxc2  20... Rac8  21. Bf4   Rfe8  22. b4   f6  23. Bxe5   Rxe5  24. Rc6   Rd8  25. Rxc7   Rdxd5  26. Rxa7   Rxd1+  27. Kxd1   Re4  28. g3   Rg4  29. Ra3   Rxb4  30. Ke2  30... b5  31. Ra5   Kh7  32. Kf3   Kh6  33. Kg2   Kh7  34. a3   Rb2+  35. Kf3   g5  36. hxg5   fxg5  37. a4   g4+  38. Ke3   Rb3+  39. Kf2   Rf3+  40. Kg2  40... bxa4  41. Rxa4   Kg6  42. Ra8   Re3  43. Rg8+   Kf5  44. Rf8+   Ke4  45. Re8+   Kd3  46. Rd8+   Kc4  47. Rc8+   Kd3  48. Rd8+   Ke4  49. Re8+   Kd3  1/2-1/2

[Event "Oebro CXU International 2024"]
[Site "Copenhagen"]
[Date "2024.07.27"]
[Round "8.5"]
[White "Heimisson, Hilmir Freyr"]
[Black "Aczel, Gergely"]
[Result "1/2-1/2"]
[WhiteElo "2392"]
[BlackElo "2498"]
[WhiteFideId "2309998"]
[BlackFideId "727709"]
[EventDate "2024.07.22"]
[EventType "swiss"]
[EventRounds "9"]
[EventCountry "DEN"]
[SourceTitle "Live v. Obro Skakforening"]

1. e4   c6  2. d4   d5  3. f3   Qb6  4. Nc3   dxe4  5. fxe4   e5  6. Nf3   exd4  7. Nxd4   h5  8. Be2   Bg4  9. Bxg4   hxg4  10. Qd3  10... Nd7  11. Bf4   Nc5  12. Qc4   Qa6  13. Qxa6   Nxa6  14. e5   Bb4  15. O-O-O   Bxc3  16. bxc3   Ne7  17. e6   f6  18. h3   gxh3  19. Rd3   Ng6  20. Bd6  20... O-O-O  21. Nf5   hxg2  22. Rg1   Rh1  23. Rdd1   Nc7  24. e7   Rd7  25. Rxh1   gxh1=Q  26. Rxh1   Ne8  27. Rg1   Nh4  28. Nxh4   Rxd6  29. Nf5   Re6  30. Nxg7  30... Rxe7  31. Nxe8   Rxe8  32. Rg7   Re5  33. Rf7   f5  34. Kb2   Kb8  35. Kb3   a6  36. a4   Ka7  37. Kb4   Kb6  38. c4   c5+  39. Kb3   Re3+  40. c3  40... Rf3  41. a5+   Kc6  42. Rf6+   Kc7  43. Rf7+   Kc6  44. Rf6+   Kd7  45. Rf7+   Kc8  46. Rf8+   Kd7  47. Rf7+   Ke6  48. Rxb7   Rd3  49. Rc7   f4  50. Rxc5  50... f3  51. Rh5   Rd1  52. Rh2   Rb1+  53. Kc2   Ra1  54. Kd3   Rxa5  55. Ke4   Ra3  56. Rc2   Kd6  57. Kd4   Ra5  58. Rf2   Rf5  59. Ke4   Re5+  60. Kd4  60... Rf5  61. Ke4 1/2-1/2

[Event "Oebro CXU International 2024"]
[Site "Copenhagen"]
[Date "2024.07.27"]
[Round "8.6"]
[White "Bazilius, Augustinas"]
[Black "Liu, Casper Yukun"]
[Result "1-0"]
[WhiteElo "2096"]
[BlackElo "2316"]
[WhiteFideId "12832251"]
[EventDate "2024.07.22"]
[EventType "swiss"]
[EventRounds "9"]
[EventCountry "DEN"]
[SourceTitle "Live v. Obro Skakforening"]

1. d4   d5  2. Nc3   Nf6  3. Bf4   Nh5  4. Be5   f6  5. e4   g6  6. Bg3   dxe4  7. Nxe4   Nc6  8. d5   Nb4  9. c4   Bf5  10. Qa4+  10... c6  11. Qxb4   Bxe4  12. f3   e5  13. Qa4   Qb6  14. Qb3   Qa5+  15. Kd1   Bf5  16. Be1   Qc5  17. g4   O-O-O  18. gxf5   cxd5  19. Bd2   dxc4  20. Bxc4  20... Qf2  21. Bd5   Rd7  22. Ne2   Kb8  23. Be3   Qh4  24. Qb5   Rxd5+  25. Qxd5   Be7  26. Qe4   Qh3  27. Qg4  1-0